000 00666cam a22002293a 4500
001 1414
003 PGUSA
005 20140828083000.0
008 980801s1998||||xxu|||||s|||||000 1 eng d
040 _aPGUSA
_beng
042 _adc
050 4 _aPR
100 1 _aDickens, Charles,
_d1812-1870
245 1 0 _aSomebody's Luggage
_h[electronic resource] /
_cCharles Dickens
260 _bProject Gutenberg,
_c1998
506 _aPublic domain in the USA.
516 _aElectronic text
653 _aEngland -- Social life and customs -- 19th century -- Fiction
830 0 _aProject Gutenberg
_v1414
856 4 0 _uhttp://www.gutenberg.org/ebooks/1414
942 _cEB
999 _c230762
_d230762